Comunità lesbica. Libertà di movimento

Shranjeno v:
Bibliografske podrobnosti
Glavni avtor: AA.VV
Format: Knjiga
Jezik:neznan ali neveljaven jezik
Izdano: Comitato Promotore 1997
Oznake: Označite
Brez oznak, prvi označite!

MARC

LEADER 00000nam a2200000Ia 4500
001 221
003 NUMERAZIONE-ORIGINALE-BRESCIA
005 20260207010542.0
008 260206s9999 xx 000 0 und d
040 |c BRESCIA 
100 |a AA.VV. 
245 0 |a Comunità lesbica. Libertà di movimento 
260 |b Comitato Promotore  |c 1997 
500 |a Atti della seconda settimana lesbica 
942 |2 ddc  |c BK  |n 0 
952 |0 0  |1 0  |2 ddc  |4 0  |6 16  |7 0  |9 28421  |a BS  |b BS  |d 2026-02-06  |i 221  |l 0  |o 1-6-*  |r 2026-02-06 22:40:34  |w 2026-02-06  |x [REVISIONARE]  |y BK 
999 |c 24102  |d 24102